MARC

LEADER 00000nam0a2200000 4500
001 202473
005 20231031185400.0
020 |a RU  |b 83-55623 
035 |a (RuTPU)RU\TPU\book\220631 
090 |a 202473 
100 |a 20111013d1983 km y0rusy5003 ca 
101 0 |a rus 
102 |a RU 
105 |a a z 001zy 
200 1 |a Очистка и контроль сточных вод предприятий цветной металлургии  |f М. Т. Баймаханов [и др.]  |g под ред. К. Б. Лебедева 
210 |a Москва  |c Металлургия  |d 1983 
215 |a 192 с.  |c ил. 
300 |a Авт. указ. на обороте тит. л. 
320 |a Библиогр.: с. 189-191. 
610 1 |a промышленные сточные воды 
610 1 |a сточные воды 
610 1 |a очистка 
610 1 |a химический контроль 
610 1 |a цветная металлургия 
610 1 |a предприятия 
610 1 |a водное хозяйство 
675 |a 669.2.8.013.8  |z rus 
701 1 |a Баймаханов  |b М. Т.  |g Марат Таджимуратович 
701 1 |a Лебедев  |b К. Б.  |g Константин Борисович 
701 1 |a Антонов  |b В. Н.  |g Владимир Николаевич 
701 1 |a Озеров  |b А. И.  |g Анатолий Иванович 
702 1 |a Лебедев  |b К. Б.  |g Константин Борисович  |4 340 
801 0 |a RU  |b RuMRKP  |c 19950704  |g psbo 
801 1 |a RU  |b 63413507  |c 20111013 
801 2 |a RU  |b 63413507  |c 20150918  |g RCR 
942 |c BK